Revue économique

Salvato in:
Dettagli Bibliografici
Natura: Periodico
Lingua:francese
Pubblicazione: Paris Presess de la Fondation Nationale des Sciences Politiques 1991
Soggetti:
Tags: Aggiungi Tag
Nessun Tag, puoi essere il primo ad aggiungerne!!

MARC

LEADER 00000nas2a2200000 4500
001 s015315
005 20240109093920.5
022 |a 0033-2764 
041 0 |a fre 
044 |a FR 
245 1 0 |a Revue économique 
264 1 |a Paris  |b Presess de la Fondation Nationale des Sciences Politiques  |c 1991 
300 |a 2 zv. 
773 0 |w eu_un_cat*s120270 
610 2 0 |a ekonómia politická 
610 2 0 |a rozvoj hospodársky